[Event "TG Biberach - SG Schwäbisch Gmünd"]
[Site "?"]
[Date "2024.01.21"]
[Round "5.1"]
[White "Velicka, Petr"]
[Black "Sinz, Bernhard"]
[Result "0-1"]
[WhiteElo "2369"]
[BlackElo "2322"]
[PlyCount "78"]
[EventDate "2024.??.??"]

1. Nf3 d5 2. c4 d4 3. b4 g5 4. Bb2 Bg7 5. d3 g4 6. Nfd2 a5 7. bxa5 Rxa5 8. Nb3 Rg5 9. N1d2 e5 10. g3 Ne7 11. Bg2 h5 12. h4 gxh3 13. Bxh3 Bxh3 14. Rxh3 Nbc6 15. Nf3 Rg4 16. a3 Qd6 17. Qc2 Bh6 18. Kd1 f5 19. Nbd2 O-O 20. Rxh5 Qg6 21. Rh4 Rxh4 22. Nxh4 Qg4 23. Bc1 f4 24. Nhf3 fxg3 25. fxg3 Qxg3 26. Ne4 Qg1+ 27. Ne1 Rf1 28. Bd2 Nf5 29. Qb3 Ne3+ 30. Bxe3 Rxe1+ 31. Kc2 Rxe2+ 32. Bd2 Qxa1 33. c5+ Kf8 34. Qe6 Rxd2+ 35. Nxd2 Qc3+ 36. Kb1 Qxd3+ 37. Ka1 Qxa3+ 38. Kb1 Qd3+ 39. Ka1 Bxd2 0-1

[Event "TG Biberach - SG Schwäbisch Gmünd"]
[Site "?"]
[Date "2024.01.21"]
[Round "5.2"]
[White "Fischer, Andre"]
[Black "Jurek, Josef"]
[Result "1/2-1/2"]
[WhiteElo "2245"]
[BlackElo "2242"]
[PlyCount "30"]
[EventDate "2024.??.??"]

1. e4 e6 2. d4 d5 3. Nc3 Bb4 4. e5 c5 5. a3 Bxc3+ 6. bxc3 Ne7 7. h4 Qc7 8. h5 h6 9. Bd2 Nbc6 10. Qg4 Rg8 11. Nf3 Bd7 12. Bd3 Nf5 13. Qf4 O-O-O 14. g4 Nfe7 15. g5 c4 1/2-1/2

[Event "TG Biberach - SG Schwäbisch Gmünd"]
[Site "?"]
[Date "2024.01.21"]
[Round "5.3"]
[White "Flajsman, Pavel"]
[Black "Wunder, Niklas"]
[Result "1-0"]
[WhiteElo "2230"]
[BlackElo "2076"]
[PlyCount "133"]
[EventDate "2024.??.??"]

1. e4 e5 2. Nf3 Nc6 3. Bb5 Nf6 4. d3 Bc5 5. Bxc6 dxc6 6. O-O Bg4 7. h3 Bh5 8. g4 Nxg4 9. hxg4 Bxg4 10. Be3 Be7 11. Kg2 Qc8 12. Rh1 f5 13. Qg1 Qe6 14. exf5 Qxf5 15. Nh4 Qe6 16. Nd2 g5 17. Nhf3 O-O-O 18. Kf1 e4 19. Nd4 Bh3+ 20. Ke1 Rxd4 21. Bxd4 exd3+ 22. Kd1 dxc2+ 23. Kc1 Rd8 24. Bc3 Bf5 25. Qe1 Qd5 26. Rg1 Rd7 27. Qe5 Qf7 28. Re1 b5 29. a3 Kb7 30. b4 Bd6 31. Qe8 Qxe8 32. Rxe8 Bf4 33. Rf8 Bg6 34. a4 Rd3 35. a5 a6 36. Rxf4 gxf4 37. Kb2 c5 38. Nb3 Rd1 39. Nxc5+ Kc6 40. Rc1 h5 41. Be5 Rd5 42. Bf6 f3 43. Nxa6 Rd2 44. Bh4 Rd4 45. Bg3 Kb7 46. Nc5+ Kc6 47. Kb3 h4 48. Be5 Rd1 49. Kb2 Rd5 50. Bc3 h3 51. Nb3 Rd1 52. Nd4+ Kd5 53. Nxf3 Be4 54. Nh2 Kc4 55. Be1 c5 56. f3 Bf5 57. Nf1 Kd3 58. Ng3 h2 59. bxc5 Bc8 60. c6 Ke3 61. Rxc2 Rxe1 62. Rxh2 Kxf3 63. Rh8 Be6 64. a6 Kxg3 65. a7 Re2+ 66. Kc3 Ra2 67. a8=Q 1-0

[Event "TG Biberach - SG Schwäbisch Gmünd"]
[Site "?"]
[Date "2024.01.21"]
[Round "5.4"]
[White "Weiss, Oliver"]
[Black "Bergner, Philipp"]
[Result "1-0"]
[WhiteElo "2220"]
[BlackElo "2161"]
[PlyCount "93"]
[EventDate "2024.??.??"]

1. d4 d5 2. Bf4 Nf6 3. e3 c5 4. c3 Nc6 5. Nd2 e6 6. Ngf3 cxd4 7. exd4 Nh5 8. Be3 Bd6 9. Ne5 g6 10. Be2 Ng7 11. f4 f6 12. Nd3 O-O 13. O-O Qc7 14. Nf3 Bd7 15. b4 Rae8 16. Qb3 Kh8 17. Rae1 Ne7 18. a4 b6 19. Bd2 Qb7 20. Rf2 Bb8 21. g4 Nc8 22. g5 fxg5 23. Nxg5 Nf5 24. Ne5 Bxe5 25. fxe5 Nce7 26. Ref1 h6 27. Nh3 Kh7 28. Nf4 Rg8 29. b5 Qc7 30. Qb1 Ref8 31. Qd3 Re8 32. Qh3 Ref8 33. Kh1 Rg7 34. Ng2 Ng8 35. Ne3 Nxe3 36. Rxf8 Nxf1 37. Bxf1 Bc8 38. Bd3 Bb7 39. Qxe6 Qe7 40. Bxg6+ Rxg6 41. Rf7+ Qxf7 42. Qxf7+ Rg7 43. Qf5+ Kh8 44. Bf4 a6 45. e6 Ne7 46. Qf8+ Kh7 47. Be5 1-0

[Event "TG Biberach - SG Schwäbisch Gmünd"]
[Site "?"]
[Date "2024.01.21"]
[Round "5.5"]
[White "Hoenick, Andreas"]
[Black "Birkenmaier, Rainer"]
[Result "0-1"]
[WhiteElo "2112"]
[BlackElo "2096"]
[PlyCount "162"]
[EventDate "2024.??.??"]

1. d4 d5 2. c4 e6 3. Nc3 Nf6 4. Nf3 c6 5. Bg5 Be7 6. e3 Nbd7 7. Bd3 O-O 8. O-O dxc4 9. Bxc4 b5 10. Bd3 a6 11. Qe2 c5 12. Rfd1 c4 13. Bc2 Bb7 14. e4 g6 15. d5 exd5 16. e5 Ne4 17. Bxe4 dxe4 18. Nxe4 Bxe4 19. Qxe4 Bxg5 20. e6 Nc5 21. exf7+ Kg7 22. Qg4 Qf6 23. Qxg5 Qxg5 24. Nxg5 h6 25. Rd5 hxg5 26. Rxc5 Rad8 27. a4 Rd2 28. axb5 axb5 29. Rxb5 Rxf7 30. Rf1 Re7 31. Rb4 Rc2 32. h3 Ree2 33. b3 cxb3 34. Rxb3 Rc5 35. Ra1 Rf5 36. Ra7+ Rf7 37. Rxf7+ Kxf7 38. Rf3+ Kg7 39. Kh2 Re4 40. Kg3 Rd4 41. Re3 Rf4 42. f3 Rc4 43. Re4 Rc2 44. h4 gxh4+ 45. Rxh4 g5 46. Ra4 Kg6 47. Ra6+ Kg7 48. Kh3 Rc4 49. Kg3 Rc2 50. Re6 Rb2 51. Kh3 Kf7 52. Re4 Kf6 53. g3 Kf5 54. Ra4 Rb5 55. Rd4 Ra5 56. Kg2 Ra2+ 57. Kf1 Rb2 58. g4+ Kf6 59. Re4 Ra2 60. Re2 Ra6 61. Kf2 Rb6 62. Rd2 Ra6 63. Rd3 Rb6 64. Ke3 Re6+ 65. Kd4 Ra6 66. Kd5 Ra5+ 67. Ke4 Re5+ 68. Kd4 Ra5 69. Ke3 Ra6 70. Rb3 Re6+ 71. Kd4 Ra6 72. Rb8 Rd6+ 73. Kc4 Ra6 74. Kb5 Ra1 75. Rf8+ Kg7 76. Rf5 Kg6 77. Kc6 Ra6+ 78. Kb7 Rf6 79. Kc7 Rxf5 80. gxf5+ Kxf5 81. Kd7 Kf4 0-1

[Event "TG Biberach - SG Schwäbisch Gmünd"]
[Site "?"]
[Date "2024.01.21"]
[Round "5.6"]
[White "Sokratov, Stanislav"]
[Black "Weiss, Andreas"]
[Result "1/2-1/2"]
[WhiteElo "2186"]
[BlackElo "2101"]
[PlyCount "135"]
[EventDate "2024.??.??"]

1. d4 Nf6 2. Bf4 e6 3. e3 b6 4. Nf3 Bb7 5. Nbd2 Be7 6. h3 c5 7. Bd3 d6 8. c3 cxd4 9. exd4 Nbd7 10. O-O O-O 11. Re1 Re8 12. Bh2 a6 13. a4 Bf8 14. Nc4 Qc7 15. Ne3 Qc6 16. a5 b5 17. c4 bxc4 18. Nxc4 Qd5 19. Rc1 Rad8 20. b4 Ba8 21. Ne3 Qb7 22. Qb3 Rb8 23. Rb1 e5 24. Ng5 d5 25. Bxe5 Nxe5 26. dxe5 Rxe5 27. Nf3 Ree8 28. b5 axb5 29. Qxb5 Qa7 30. Qa4 Rxb1 31. Rxb1 Bc5 32. Ng4 Nd7 33. Nfe5 Rd8 34. Nc6 Bxc6 35. Qxc6 Nb8 36. Qb5 h5 37. Rc1 Bd4 38. Nh2 Bxf2+ 39. Kh1 Be3 40. Re1 Qc5 41. Nf1 Qxb5 42. Bxb5 Bf4 43. Re7 d4 44. a6 Nxa6 45. Bxa6 d3 46. Re1 d2 47. Rd1 Re8 48. Bb7 Re1 49. Bf3 h4 50. Kg1 Be3+ 51. Kh2 Bf4+ 52. g3 hxg3+ 53. Kg2 g6 54. Nxg3 Rxd1 55. Bxd1 Bxg3 56. Kxg3 Kg7 57. Kf4 Kh6 58. Kg4 f6 59. Kf4 Kg7 60. Ke3 Kh6 61. Kf4 Kg7 62. Be2 Kh6 63. Bf3 Kg7 64. Ke3 Kh6 65. Kxd2 Kg5 66. Ke3 Kh4 67. Be4 f5 68. Bxf5 1/2-1/2

[Event "TG Biberach - SG Schwäbisch Gmünd"]
[Site "?"]
[Date "2024.01.21"]
[Round "5.7"]
[White "Lang, Thomas"]
[Black "Mack, Wolfgang"]
[Result "1-0"]
[WhiteElo "1970"]
[BlackElo "2245"]
[PlyCount "81"]
[EventDate "2024.??.??"]

1. e4 g6 2. d4 Bg7 3. Nc3 d6 4. f4 a6 5. Nf3 b5 6. Be3 Bb7 7. Bd3 Nd7 8. e5 c5 9. e6 fxe6 10. Ng5 Bxd4 11. Bxd4 cxd4 12. Nxe6 Qb6 13. Ne4 Ngf6 14. Qe2 Rc8 15. N4g5 Nc5 16. O-O Nxd3 17. cxd3 d5 18. Rfe1 Ne4 19. f5 h6 20. Ng7+ Kd7 21. Nf7 Qf6 22. Nxh8 Rxh8 23. dxe4 Qxg7 24. exd5 Bxd5 25. Qg4 Qf6 26. fxg6+ Kd6 27. Rf1 Qg5 28. Qf4+ e5 29. Qf6+ Qxf6 30. Rxf6+ Kc5 31. Rc1+ Bc4 32. b3 e4 33. bxc4 bxc4 34. Rf5+ Kb4 35. Rd5 d3 36. Kf2 c3 37. Ke3 c2 38. Kxe4 Kc3 39. Rxd3+ Kb2 40. Rxc2+ Kxc2 41. Ra3 1-0

[Event "TG Biberach - SG Schwäbisch Gmünd"]
[Site "?"]
[Date "2024.01.21"]
[Round "5.8"]
[White "Engelhart, Achim"]
[Black "Pohl, Walter"]
[Result "1-0"]
[WhiteElo "2057"]
[BlackElo "2097"]
[PlyCount "65"]
[EventDate "2024.??.??"]

1. e4 c5 2. c3 d5 3. exd5 Qxd5 4. d4 e5 5. dxe5 Qxd1+ 6. Kxd1 Nc6 7. f4 Bg4+ 8. Be2 O-O-O+ 9. Nd2 Bf5 10. Ngf3 f6 11. Ke1 fxe5 12. Nxe5 Nxe5 13. fxe5 Ne7 14. Nc4 Ng6 15. Rf1 Be4 16. Kf2 b5 17. Nd6+ Bxd6 18. exd6 Rhf8+ 19. Kg1 Rxf1+ 20. Bxf1 c4 21. Be3 Rxd6 22. Bxa7 Rd2 23. b3 Nh4 24. Bf2 g5 25. bxc4 bxc4 26. Be3 Rc2 27. Bxg5 Nxg2 28. Bxc4 Rxc3 29. Rc1 Rxc1+ 30. Bxc1 Nh4 31. Kf2 Nf5 32. Ke2 Kc7 33. Bd3 1-0

[Event "Stuttgarter SF - SV Jedesheim"]
[Site "?"]
[Date "2024.01.21"]
[Round "5.1"]
[White "Krassowizkij, Jaroslaw"]
[Black "Kvetny, Mark"]
[Result "1-0"]
[WhiteElo "2422"]
[BlackElo "2418"]
[PlyCount "75"]
[EventDate "2024.??.??"]

1. e4 d6 2. d4 g6 3. Nf3 Bg7 4. c3 Nf6 5. Bd3 O-O 6. O-O Nc6 7. h3 e5 8. Re1 Re8 9. d5 Nb8 10. c4 a5 11. Nc3 Nh5 12. Bg5 f6 13. Be3 Nf4 14. Bxf4 exf4 15. Ne2 Bh6 16. Ned4 Na6 17. Bc2 Nc5 18. b3 Re7 19. a3 Qe8 20. b4 axb4 21. axb4 Rxa1 22. Qxa1 Nd7 23. Ba4 Qf7 24. Bxd7 Bxd7 25. Qa8+ Qe8 26. Qxb7 f5 27. Ra1 Bc8 28. Qb8 fxe4 29. Ra8 exf3 30. Qxc8 Kf7 31. Qxe8+ Rxe8 32. Rxe8 Kxe8 33. Ne6 fxg2 34. f3 Bf8 35. Nxc7+ Kd7 36. Ne6 Be7 37. Nxf4 Bg5 38. Nd3 1-0

[Event "Stuttgarter SF - SV Jedesheim"]
[Site "?"]
[Date "2024.01.21"]
[Round "5.2"]
[White "Neyman, Igor"]
[Black "Pikula, Dejan"]
[Result "1/2-1/2"]
[WhiteElo "2304"]
[BlackElo "2321"]
[PlyCount "32"]
[EventDate "2024.??.??"]

1. d4 Nf6 2. c4 e6 3. Nf3 Bb4+ 4. Bd2 c5 5. Bxb4 cxb4 6. a3 bxa3 7. Rxa3 O-O 8. e3 b6 9. Nc3 d6 10. Be2 Bb7 11. O-O a5 12. Nd2 Na6 13. Bf3 Bxf3 14. Qxf3 Nb4 15. Na2 Nxa2 16. Rxa2 d5 1/2-1/2

[Event "Stuttgarter SF - SV Jedesheim"]
[Site "?"]
[Date "2024.01.21"]
[Round "5.3"]
[White "Atlas, Valery"]
[Black "Brueckner, Thomas"]
[Result "1-0"]
[WhiteElo "2421"]
[BlackElo "2321"]
[PlyCount "83"]
[EventDate "2024.??.??"]

1. e4 e5 2. Nf3 Nc6 3. Bc4 Nf6 4. d3 Be7 5. O-O O-O 6. Re1 d6 7. a4 Be6 8. a5 Bxc4 9. dxc4 b6 10. Bd2 Re8 11. Bc3 Bf8 12. Nbd2 Ne7 13. Nf1 Ng6 14. g3 Qd7 15. Qe2 Qc6 16. N3d2 Rab8 17. Ne3 b5 18. Nd5 Nxd5 19. cxd5 Qd7 20. Nf1 f5 21. Bb4 f4 22. Ra3 c5 23. dxc6 Qxc6 24. Rd1 Qc4 25. Qxc4+ bxc4 26. Ra4 Rec8 27. c3 Rc6 28. h4 h5 29. Nh2 Kf7 30. Nf3 Be7 31. Rd5 Ke6 32. Ra1 a6 33. Rad1 Rd8 34. Kg2 Rf8 35. Ba3 Rd8 36. Kh3 fxg3 37. fxg3 Rcc8 38. Ng5+ Bxg5 39. Rxd6+ Rxd6 40. Rxd6+ Kf7 41. hxg5 Nf8 42. Rxa6 1-0

[Event "Stuttgarter SF - SV Jedesheim"]
[Site "?"]
[Date "2024.01.21"]
[Round "5.4"]
[White "Strunski, Andreas"]
[Black "Heidenfeld, Mark"]
[Result "1/2-1/2"]
[WhiteElo "2304"]
[BlackElo "2321"]
[PlyCount "92"]
[EventDate "2024.??.??"]

1. d4 Nf6 2. c4 e6 3. Nc3 Bb4 4. Qc2 d6 5. Nf3 O-O 6. Bd2 c5 7. a3 cxd4 8. axb4 dxc3 9. Bxc3 Qc7 10. e3 Nbd7 11. b3 b6 12. Qb2 Bb7 13. Be2 e5 14. O-O Rfe8 15. Rfd1 a6 16. Rac1 Rad8 17. Qa1 Qb8 18. Bb2 Nf8 19. c5 bxc5 20. bxc5 Bxf3 21. Bxf3 dxc5 22. Rxd8 Rxd8 23. Bxe5 Qxb3 24. Bxf6 gxf6 25. Qxf6 Ne6 26. h4 Rd2 27. Qf5 Qd3 28. Qg4+ Qg6 29. Qa4 Rd6 30. Qe8+ Kg7 31. Rc4 h5 32. Qb8 Qd3 33. Rc1 Qa3 34. Rb1 c4 35. Bxh5 c3 36. Rb7 Nd8 37. Rc7 Qb2 38. Qc8 Rc6 39. Qg4+ Kf8 40. Rd7 Qb1+ 41. Kh2 Qb8+ 42. g3 c2 43. Qd4 Ke8 44. Bg4 Re6 45. Rxd8+ Qxd8 46. Qa4+ Kf8 1/2-1/2

[Event "Stuttgarter SF - SV Jedesheim"]
[Site "?"]
[Date "2024.01.21"]
[Round "5.5"]
[White "Anistratov, Dmitriy"]
[Black "Hofmann, Martin"]
[Result "1/2-1/2"]
[WhiteElo "2256"]
[BlackElo "2207"]
[PlyCount "146"]
[EventDate "2024.??.??"]

1. e4 c5 2. Nf3 e6 3. b3 Qc7 4. Bb2 Nc6 5. Bb5 d6 6. O-O Bd7 7. d4 cxd4 8. Nxd4 Nf6 9. Bd3 Be7 10. Nd2 O-O 11. c4 Nxd4 12. Bxd4 a6 13. a4 Bc6 14. a5 d5 15. cxd5 exd5 16. e5 Ne4 17. Qc2 Nxd2 18. Qxd2 Rfe8 19. Rfe1 Qd7 20. Qf4 Qd8 21. Qg4 Bf8 22. f4 Bb5 23. Bb6 Qc8 24. Bf5 Qc3 25. Rac1 Qd2 26. e6 fxe6 27. Bxe6+ Kh8 28. f5 Bc6 29. Rcd1 Qc3 30. Re3 Bc5 31. Bxc5 Qxc5 32. Qd4 Qxd4 33. Rxd4 g6 34. g4 Kg7 35. Kf2 Rad8 36. Kf3 Kf6 37. h4 h6 38. Kf2 gxf5 39. gxf5 Re7 40. Rg3 Ke5 41. Rd1 d4 42. Re1+ Kd6 43. Rd3 Kc5 44. Rc1+ Kb4 45. Rc4+ Kxa5 46. Rdxd4 Rf8 47. Rc5+ Kb6 48. Re5 Kc7 49. Kg3 h5 50. Kf4 Rg7 51. Re3 Rg4+ 52. Ke5 Rxd4 53. Kxd4 Kd6 54. Rg3 Rf6 55. Rg5 Bf3 56. Rg7 Bc6 57. Rh7 a5 58. Rxh5 b5 59. Rg5 Rh6 60. Rg4 a4 61. bxa4 bxa4 62. Bg8 Be8 63. Ke4 a3 64. Kf4 Ke7 65. Be6 Kf6 66. Kg3 a2 67. Bxa2 Kxf5 68. Bb1+ Kf6 69. Rb4 Bf7 70. Rf4+ Kg7 71. Kg4 Rf6 72. Rb4 Rf1 73. Kg5 Rg1+ 1/2-1/2

[Event "Stuttgarter SF - SV Jedesheim"]
[Site "?"]
[Date "2024.01.21"]
[Round "5.6"]
[White "Fritsch, Rolf"]
[Black "Atlas, Dmitry"]
[Result "1/2-1/2"]
[WhiteElo "2196"]
[BlackElo "2176"]
[PlyCount "29"]
[EventDate "2024.??.??"]

1. c4 c6 2. g3 d5 3. Bg2 Nf6 4. Nf3 g6 5. b3 Bg7 6. Bb2 O-O 7. O-O Nbd7 8. cxd5 cxd5 9. d4 Ne4 10. Nbd2 Ndf6 11. Ne5 Qa5 12. Nxe4 Nxe4 13. f3 Nd6 14. e3 Be6 15. Qe1 1/2-1/2

[Event "Stuttgarter SF - SV Jedesheim"]
[Site "?"]
[Date "2024.01.21"]
[Round "5.7"]
[White "Bossinger, Patrick"]
[Black "Maeurer, Christoph"]
[Result "1/2-1/2"]
[WhiteElo "2081"]
[BlackElo "2236"]
[PlyCount "81"]
[EventDate "2024.??.??"]

1. e4 e6 2. d4 d5 3. exd5 exd5 4. Nf3 Nc6 5. Bb5 Nge7 6. Qe2 Be6 7. Bg5 Qd6 8. O-O a6 9. Bd3 Nb4 10. Re1 Nxd3 11. Qxd3 O-O-O 12. Bh4 f6 13. Bg3 Qd7 14. h3 g5 15. Nbd2 Nf5 16. Bh2 h5 17. Kh1 g4 18. Ng1 h4 19. Ne2 gxh3 20. gxh3 Nd6 21. Nf4 Bf5 22. Qc3 Kb8 23. a4 Bh6 24. Re3 Ne4 25. Nxe4 Bxe4+ 26. Rxe4 dxe4 27. d5 Bxf4 28. Bxf4 Rhg8 29. Rg1 Rxg1+ 30. Kxg1 Rg8+ 31. Kf1 Rg7 32. Qxf6 Qxh3+ 33. Ke1 Qd7 34. d6 Rg1+ 35. Kd2 cxd6 36. Bxd6+ Ka7 37. Qd4+ Ka8 38. Qh8+ Ka7 39. Qd4+ Ka8 40. Qh8+ Ka7 41. Qd4+ 1/2-1/2

[Event "Stuttgarter SF - SV Jedesheim"]
[Site "?"]
[Date "2024.01.21"]
[Round "5.8"]
[White "Gabriel, Robert"]
[Black "Jaskulski, Jan"]
[Result "0-1"]
[WhiteElo "2193"]
[BlackElo "2006"]
[PlyCount "110"]
[EventDate "2024.??.??"]

1. e4 c5 2. Ne2 d6 3. g3 d5 4. Bg2 dxe4 5. Bxe4 Nf6 6. Bg2 Nc6 7. d3 e5 8. O-O Bd7 9. h3 Be7 10. Nbc3 O-O 11. f4 exf4 12. Nxf4 Re8 13. Nfd5 Nxd5 14. Bxd5 Bf6 15. Ne4 Bd4+ 16. Kh2 Be6 17. Bxe6 Rxe6 18. Ng5 Rf6 19. Rxf6 Qxf6 20. Ne4 Qf5 21. Bf4 Bxb2 22. Rb1 Be5 23. Bxe5 Nxe5 24. Rxb7 h5 25. Kg2 c4 26. Qe2 cxd3 27. cxd3 Rd8 28. Rxa7 Nxd3 29. Qe3 h4 30. Ra3 Qd5 31. gxh4 f5 32. Rxd3 Qxd3 33. Qxd3 Rxd3 34. Ng3 g6 35. h5 f4 36. Ne4 Kg7 37. hxg6 Kxg6 38. a4 Kf5 39. Nf2 Ra3 40. a5 Rxa5 41. Kf3 Ra3+ 42. Kg2 Rg3+ 43. Kh2 Rf3 44. Kg2 Ra3 45. h4 Rg3+ 46. Kh2 Rg8 47. Kh3 f3 48. h5 Kf4 49. Kh4 Rg2 50. Nh3+ Kf5 51. h6 f2 52. h7 f1=Q 53. h8=Q Qc4+ 54. Kh5 Qg4+ 55. Kh6 Qxh3# 0-1

[Event "SV Heilbronn 2 - SK Schwäbisch Hall"]
[Site "?"]
[Date "2024.01.21"]
[Round "5.1"]
[White "Nevednichy, Vladislav"]
[Black "Schnepp, Gunnar"]
[Result "1-0"]
[WhiteElo "2451"]
[BlackElo "2257"]
[PlyCount "57"]
[EventDate "2023.09.17"]
[EventType "team"]
[EventRounds "9"]
[SourceVersion "1"]
[SourceVersionDate "2022.03.28"]
[SourceQuality "1"]

1. e4 c5 2. Nf3 e6 3. d4 cxd4 4. Nxd4 Nc6 5. Nxc6 bxc6 6. Bd3 Nf6 7. O-O d5 8. Nd2 Bd6 9. c4 O-O 10. Qe2 Qc7 11. h3 Bb7 12. Re1 e5 13. a3 a5 14. b3 dxe4 15. Bxe4 Nd7 16. Bf5 Nc5 17. Bb2 Rfe8 18. b4 axb4 19. axb4 Na4 20. c5 Nxb2 21. cxd6 Qxd6 22. Ne4 Qxb4 23. Rab1 Ra2 24. Qh5 h6 25. Nf6+ gxf6 26. Qxh6 Qf4 27. Qxf4 exf4 28. Rxe8+ Kg7 29. Re2 1-0

[Event "SV Heilbronn 2 - SK Schwäbisch Hall"]
[Site "?"]
[Date "2024.01.21"]
[Round "5.2"]
[White "Ramirez Marin, Ivan"]
[Black "Sarenac, Ivan"]
[Result "1-0"]
[WhiteElo "2265"]
[BlackElo "2383"]
[PlyCount "61"]
[EventDate "2023.09.17"]
[EventType "team"]
[EventRounds "9"]
[SourceVersion "1"]
[SourceVersionDate "2022.03.28"]
[SourceQuality "1"]

1. c4 Nf6 2. g3 e5 3. Bg2 c6 4. Nf3 e4 5. Nd4 Qb6 6. Nb3 a5 7. d3 a4 8. N3d2 Bc5 9. O-O exd3 10. exd3 O-O 11. Nc3 a3 12. bxa3 Qa5 13. Nde4 Bd4 14. Bd2 Qxa3 15. Rb1 d5 16. cxd5 c5 17. Rb3 Qa6 18. Nb5 Qxa2 19. Nxd4 Nxe4 20. dxe4 cxd4 21. Rd3 Na6 22. Rxd4 Bd7 23. e5 Nc5 24. Bb4 Rfc8 25. Re1 Ba4 26. Qf3 Bc2 27. h4 Nb3 28. Rf4 Ra4 29. Bh3 Re8 30. Rxf7 Rxb4 31. Rf8+ 1-0

[Event "SV Heilbronn 2 - SK Schwäbisch Hall"]
[Site "?"]
[Date "2024.01.21"]
[Round "5.3"]
[White "Svana, Peter"]
[Black "Mages, Steffen"]
[Result "1-0"]
[WhiteElo "2272"]
[BlackElo "2126"]
[PlyCount "83"]
[EventDate "2023.09.17"]
[EventType "team"]
[EventRounds "9"]
[SourceVersion "1"]
[SourceVersionDate "2022.03.28"]
[SourceQuality "1"]

1. e4 c5 2. Nf3 d6 3. Nc3 Nf6 4. d4 cxd4 5. Qxd4 Nc6 6. Bb5 Bd7 7. Bxc6 Bxc6 8. Bg5 e6 9. O-O-O Be7 10. Rhe1 Qa5 11. Kb1 h6 12. Bxf6 Bxf6 13. Qxd6 Rd8 14. Qf4 Bxc3 15. Rxd8+ Qxd8 16. bxc3 Qb6+ 17. Ka1 O-O 18. Nd4 Rd8 19. Re3 Rd7 20. Rd3 a5 21. Qb8+ Kh7 22. Qe5 a4 23. a3 Qd8 24. g3 Qe7 25. Kb2 Rc7 26. f3 Be8 27. Ne2 Rc6 28. Qa5 Bd7 29. Qb4 Qe8 30. Qd4 Rc7 31. Qd6 Qc8 32. Nd4 Be8 33. h4 Rc5 34. Qf8 g6 35. g4 e5 36. Ne2 Rb5+ 37. Kc1 Rb6 38. g5 h5 39. c4 Rc6 40. Nc3 Rxc4 41. Kd2 Rc6 42. Nd5 1-0

[Event "SV Heilbronn 2 - SK Schwäbisch Hall"]
[Site "?"]
[Date "2024.01.21"]
[Round "5.4"]
[White "Peng, Xiang-Tobias"]
[Black "Gajcin, Marina"]
[Result "1/2-1/2"]
[WhiteElo "2146"]
[BlackElo "2244"]
[PlyCount "131"]
[EventDate "2023.09.17"]
[EventType "team"]
[EventRounds "9"]
[SourceVersion "1"]
[SourceVersionDate "2022.03.28"]
[SourceQuality "1"]

1. e4 c5 2. Nf3 Nc6 3. Bb5 e6 4. Bxc6 bxc6 5. e5 d6 6. exd6 Bxd6 7. b3 f6 8. O-O Ne7 9. Nc3 O-O 10. Ne4 e5 11. Ba3 Bg4 12. d4 exd4 13. Qd3 Bxf3 14. Qxf3 Nd5 15. Nxd6 Qxd6 16. Rad1 Nc7 17. c3 Nb5 18. Bb2 Qd5 19. Qxd5+ cxd5 20. cxd4 cxd4 21. Bxd4 a5 22. Bb2 Rfd8 23. Rfe1 Rd7 24. a4 Nc7 25. Bc3 Kf7 26. Rd2 Ne6 27. Red1 Rc7 28. Ba1 Rd8 29. g3 Rc5 30. Kg2 Rb8 31. Bd4 Nxd4 32. Rxd4 Ke6 33. Re1+ Kd6 34. Re3 Rc7 35. h4 Rd7 36. Rd1 Rc8 37. Kf3 Rc2 38. h5 Kc5 39. Rdd3 d4 40. Re8 Rb2 41. Rb8 Kc6 42. Rc8+ Kb6 43. Rc4 Rd8 44. g4 h6 45. Kg3 f5 46. f3 fxg4 47. fxg4 Rb1 48. Kf3 Rd6 49. Kf4 Rf1+ 50. Ke5 Rff6 51. Rdxd4 Rde6+ 52. Kd5 Rd6+ 53. Ke4 Rde6+ 54. Kd3 Rf3+ 55. Kc2 Re2+ 56. Kc1 Rxb3 57. Rd6+ Kb7 58. Rd7+ Kb6 59. Rxg7 Ra3 60. Rg6+ Kb7 61. Rc2 Rxc2+ 62. Kxc2 Rxa4 63. Kd3 Rb4 64. Kc3 Rf4 65. Kd3 Rb4 66. Kc3 1/2-1/2

[Event "SV Heilbronn 2 - SK Schwäbisch Hall"]
[Site "?"]
[Date "2024.01.21"]
[Round "5.5"]
[White "Danada, Tomas"]
[Black "Tschlatscher, Thomas"]
[Result "0-1"]
[WhiteElo "2219"]
[BlackElo "2186"]
[PlyCount "96"]
[EventDate "2023.09.17"]
[EventType "team"]
[EventRounds "9"]
[SourceVersion "1"]
[SourceVersionDate "2022.03.28"]
[SourceQuality "1"]

1. d4 Nf6 2. c4 e6 3. Nc3 d5 4. Nf3 dxc4 5. e4 Bb4 6. Bxc4 Nxe4 7. O-O Nxc3 8. bxc3 Be7 9. Re1 O-O 10. h4 b6 11. h5 Bb7 12. h6 g6 13. Bf4 Bf6 14. g4 Nc6 15. Re3 Na5 16. Be2 Qd5 17. Qd3 Rfd8 18. g5 Be7 19. Re5 Qc6 20. Re3 Rd5 21. c4 Rf5 22. d5 Qxc4 23. Qxf5 gxf5 24. Bxc4 Nxc4 25. Rc3 Bxd5 26. Bxc7 Rc8 27. Bh2 Kf8 28. Be5 Bxf3 29. Bg7+ Ke8 30. Rxf3 Bxg5 31. Rd1 f6 32. Rc3 b5 33. Rd4 e5 34. Rd5 a6 35. Rcd3 e4 36. R3d4 Ne5 37. Rd1 Rc2 38. Rd6 Kf7 39. Rxa6 Ng4 40. Rd7+ Kg6 41. Bf8 f4 42. Rad6 f3 43. Rg7+ Kh5 44. Rd1 Rxf2 45. Bc5 Rg2+ 46. Kh1 e3 47. Rf1 Rh2+ 48. Kg1 f2+ 0-1

[Event "SV Heilbronn 2 - SK Schwäbisch Hall"]
[Site "?"]
[Date "2024.01.21"]
[Round "5.6"]
[White "Dudek, Richard"]
[Black "Mudrak, Josef"]
[Result "1/2-1/2"]
[WhiteElo "2192"]
[BlackElo "2231"]
[PlyCount "64"]
[EventDate "2023.09.17"]
[EventType "team"]
[EventRounds "9"]
[SourceVersion "1"]
[SourceVersionDate "2022.03.28"]
[SourceQuality "1"]

1. e4 d6 2. d4 Nf6 3. Nc3 e5 4. Nf3 Nbd7 5. Bc4 exd4 6. Qxd4 c6 7. a4 Be7 8. O-O Qb6 9. a5 Qxd4 10. Nxd4 Nc5 11. f3 O-O 12. b4 d5 13. exd5 cxd5 14. Re1 Ne6 15. Nxd5 Nxd5 16. Bxd5 Bxb4 17. Nxe6 Bxe6 18. Rd1 Bxd5 19. Rxd5 Rfc8 20. Rb5 Bc5+ 21. Kf1 b6 22. axb6 Bxb6 23. Bf4 Rc6 24. Ra2 Rac8 25. Re5 Bc7 26. Re4 f5 27. Rd4 Bxf4 28. Rxf4 Rxc2 29. Rxc2 Rxc2 30. Rxf5 Ra2 31. h4 g6 32. Rb5 h6 1/2-1/2

[Event "SV Heilbronn 2 - SK Schwäbisch Hall"]
[Site "?"]
[Date "2024.01.21"]
[Round "5.7"]
[White "Buran, Jaroslav"]
[Black "Schäfer, Daniel"]
[Result "1-0"]
[WhiteElo "1979"]
[BlackElo "1913"]
[PlyCount "154"]
[EventDate "2023.09.17"]
[EventType "team"]
[EventRounds "9"]
[SourceVersion "1"]
[SourceVersionDate "2022.03.28"]
[SourceQuality "1"]

1. d4 d5 2. Nf3 c6 3. Bf4 Bf5 4. e3 e6 5. Bd3 Bg6 6. O-O Bd6 7. Ne5 Nf6 8. c4 Bxd3 9. Qxd3 Nh5 10. c5 Nxf4 11. exf4 Bxe5 12. fxe5 O-O 13. Nd2 Nd7 14. f4 f5 15. exf6 Nxf6 16. Rae1 Qd7 17. Re5 Rae8 18. Qh3 Qf7 19. Re3 Nh5 20. g3 Qf5 21. Qg2 Nf6 22. h3 Qc2 23. Nf3 Qxg2+ 24. Kxg2 Ne4 25. Rb3 Re7 26. Re1 Rf6 27. Ree3 h6 28. Ne5 g5 29. fxg5 hxg5 30. Ng4 Rf8 31. Rf3 Rxf3 32. Rxf3 Kg7 33. Ra3 a6 34. Ne5 Nd2 35. Rc3 Ne4 36. Rb3 Nd2 37. Rb4 Ne4 38. Kf3 Kf6 39. Ng4+ Kf5 40. Ne3+ Kg6 41. Ng4 Kf5 42. Nh6+ Kg6 43. Ng4 Kf5 44. Ne5 Rh7 45. Kg2 Nxc5 46. g4+ Ke4 47. Nf3 Nd3 48. Nxg5+ Ke3 49. Rb3 Re7 50. Nf3 Ke4 51. Kg3 Nc1 52. Rb4 Ne2+ 53. Kf2 Nf4 54. Ng5+ Kd3 55. Kf3 Ng6 56. Kg3 a5 57. Ra4 b5 58. Rxa5 Kxd4 59. h4 e5 60. h5 Nf8 61. Ra8 Nh7 62. Nf3+ Ke3 63. Ra3+ Ke2 64. g5 e4 65. Nd4+ Kd2 66. g6 Nf6 67. h6 e3 68. Nf3+ Kd1 69. Rd3+ Ke2 70. Rb3 Ne4+ 71. Kf4 Nd2 72. Rxe3+ Rxe3 73. Nxd2 Kxd2 74. g7 Rh3 75. g8=Q Rxh6 76. Qg2+ Kd3 77. Ke5 Kc4 1-0

[Event "SV Heilbronn 2 - SK Schwäbisch Hall"]
[Site "?"]
[Date "2024.01.21"]
[Round "5.8"]
[White "Ludwig, Sebastian"]
[Black "Karatsioras, Nikolaos"]
[Result "1-0"]
[WhiteElo "1941"]
[BlackElo "1976"]
[PlyCount "57"]
[EventDate "2023.09.17"]
[EventType "team"]
[EventRounds "9"]
[SourceVersion "1"]
[SourceVersionDate "2022.03.28"]
[SourceQuality "1"]

1. d4 Nf6 2. c4 g6 3. Nc3 d5 4. Nf3 Bg7 5. Qb3 dxc4 6. Qxc4 O-O 7. e4 Nfd7 8. Be3 Nc6 9. Rd1 Nb6 10. Qb3 Bg4 11. d5 Bxf3 12. gxf3 Ne5 13. Be2 Qc8 14. h4 c5 15. h5 c4 16. Qb4 Re8 17. hxg6 hxg6 18. f4 Ng4 19. Bxb6 axb6 20. Rh4 Nf6 21. e5 Nh5 22. Qxc4 Qd7 23. Bg4 e6 24. dxe6 Qe7 25. exf7+ Qxf7 26. Qxf7+ Kxf7 27. Bxh5 gxh5 28. Rxh5 Kg6 29. Rg5+ 1-0